000 00496nam a22001697a 4500
005 20251108165203.0
008 250721s1993 xx 000 0 ara d
082 1 4 _a956/حسن
100 1 _aالبدوي، حسن عبد الرؤوف محمد
245 1 0 _aالإستشراق و موقفنا منه /
264 1 _aالقاهرة :
_c1993.
300 _a52ص
650 1 7 _aتاريخ العرب
650 1 7 _aالإستشراق و المستشرقون
942 _2ddc
_cBK
999 _c21632
_d21632